| 000 | 00498nam a2200157Ia 4500 | ||
|---|---|---|---|
| 003 | SGT | ||
| 020 | _a9789350143308 | ||
| 082 |
_a658.4038011 _bGHA |
||
| 100 | _aGhai,Neha | ||
| 245 | _aManagement information system | ||
| 260 |
_bS.K. Kataria & SONS _aN.Delhi _c2012 |
||
| 300 | _a270p. | ||
| 650 | _aMANAGEMENT | ||
| 653 | _aINTRODUCTION TO INFORMATION SYSTEM,MANAGER OVERVIEW, INFORMATION TECHNOLOGY , CONCEPTUAL SYSTEM DESIGN, DETAILED SYSTEM DESIGN, SUPPLY CHAIN MANAGEMENT, | ||
| 942 |
_2ddc _cBK |
||
| 999 |
_c5458 _d5458 |
||